Balmes, un pensador de hoy (Record no. 179545)

MARC details
000 -LEADER
campo de control de longitud fija 00875nam a2200241 i 4500
001 - NÚMERO DE CONTROL
campo de control 179545
003 - IDENTIFICADOR DE NÚMERO DE CONTROL
campo de control ES-MaACL
005 - FECHA Y HORA DE LA ÚLTIMA TRANSACCIÓN
campo de control 20251118191625.0
008 - DATOS DE LONGITUD FIJA--INFORMACIÓN GENERAL
campo de control de longitud fija 111222s2010 ag |||| | spa d
020 ## - NÚMERO INTERNACIONAL ESTÁNDAR DEL LIBRO
Número Internacional Estándar del Libro 978-987-1581-54-2
080 ## - NÚMERO DE LA CLASIFICACIÓN DECIMAL UNIVERSAL
Número de la Clasificación Decimal Universal 929 Balmes, Jaime
080 ## - NÚMERO DE LA CLASIFICACIÓN DECIMAL UNIVERSAL
Número de la Clasificación Decimal Universal 1 Balmes, Jaime
100 0# - ENTRADA PRINCIPAL--NOMBRE DE PERSONA
Nombre de persona Sanz Pascual, Julián.
9 (RLIN) 103670
245 10 - MENCIÓN DEL TÍTULO
Título Balmes, un pensador de hoy
Resto del título : (una filosofía de la objetividad) /
Mención de responsabilidad, etc. Julián Sanz Pascual.
250 ## - MENCION DE EDICION
Mención de edición 1ª ed.
260 ## - PUBLICACIÓN, DISTRIBUCIÓN, ETC.
Lugar de publicación, distribución, etc. Buenos Aires :
Nombre del editor, distribuidor, etc. Deauno.com,
Fecha de publicación, distribución, etc. 2010.
300 ## - DESCRIPCIÓN FÍSICA
Extensión 250 p. ;
Dimensiones 21 cm.
600 14 - PUNTO DE ACCESO ADICIONAL DE MATERIA--NOMBRE DE PERSONA
Nombre de persona Balmes, Jaime,
Fechas asociadas al nombre 1810-1848-
Subdivisión general Crítica e interpretación
9 (RLIN) 25097
852 ## - LOCALIZACIÓN
Ubicación ES-MaACL
Número de control de estantería A-11751
itemnumber 186442
Sublocalización o colección R.146388
Signatura antigua Olim: N-4756
Ubicación en estantería Depósito 1
Encuadernación Donación: Julián Sanz Pascual
Nota libre Dedicatoria autógrafa del autor
903 ## - NOMBRE PERSONAL DE DONANTE
9 103670
a Sanz Pascual, Julián
e Donante
942 ## - ELEMENTOS DE ENTRADA SECUNDARIOS (KOHA)
Fuente del sistema de clasificación o colocación Clasificación decimal universal
Tipo de ítem Koha Libro impreso
Holdings
Estatus retirado Estado de pérdida Fuente del sistema de clasificación o colocación Estado de daño No para préstamo Colección Biblioteca de origen Biblioteca actual Ubicación en estantería Fecha de adquisición Fuente de adquisición Total de préstamos Signatura topográfica completa Código de barras Visto por última vez Precio de reemplazo Tipo de ítem Koha Nota pública
    Clasificación decimal universal     Libros con dedicatorias Biblioteca del Ateneo de Madrid Biblioteca del Ateneo de Madrid Depósito 1 22/12/2011 Donación   A-11751 1188619 23/02/2023 23/02/2023 Libro impreso Dedicatoria autógrafa del autor